header

Writing and publishing (Record no. 131689)

MARC details
000 -LEADER
fixed length control field 01549nam a2200361 a 4500
082 04 - DEWEY DECIMAL CLASSIFICATION NUMBER
Classification number 808/.06602
245 00 - TITLE STATEMENT
Title Writing and publishing
260 ## - PUBLICATION, DISTRIBUTION, ETC. (IMPRINT)
Place of publication Chicago :
Name of publisher American Library Association,
Year of publication 2010.
300 ## - PHYSICAL DESCRIPTION
Number of Pages xi, 199 p.
490 1# - SERIES STATEMENT
Series statement ALA guides for the busy librarian
505 0# - FORMATTED CONTENTS NOTE
Formatted contents note pt. 1. Why write? -- pt. 2. Education of a writer -- pt. 3. Finding your niche in print -- pt. 4. Finding your niche online -- pt. 5. Maximizing opportunities.
650 #0 - SUBJECT ADDED ENTRY--TOPICAL TERM
Topical Term Library science
Topical Term Library science literature
Topical Term Authorship.
700 1# - ADDED ENTRY--PERSONAL NAME
Personal name Smallwood, Carol,
856 40 - ELECTRONIC LOCATION AND ACCESS
Uniform Resource Identifier http://site.ebrary.com/lib/rucke/Doc?id=10469291

No items available.

© 2026 Rongo University
Contact us: librarian | system librarian | Rongo university